000 00579nam a2200169 a 4500
008 120416s1983 ||||||||||||||||| || u
020 _a0871503409
050 _aQA 154.2 Lau
100 _aKaufmann, Jerome E
245 1 0 _aIntermediate algebra for college students
260 _aBoston, Mass. :
_bPrindle, Weber & Schmidt
_c1983
300 _aix, 490, (54)p. : ill
350 _a0.00
650 0 _aALGEBRAS, LINEAR
650 0 _aALGEBRA
995 _D0.00
_FCBU-MAIN LIBRARY (Kitwe)
_H1
_I27.50
_M1
_UAVAILABLE
_ZShort Loan Collection
999 _c47242
_d47242